| 000 | 00531nam a22001937a 4500 | ||
|---|---|---|---|
| 005 | 20240401093849.0 | ||
| 008 | 240401b |||||||| |||| 00| 0 eng d | ||
| 020 | _a9780071271905 | ||
| 082 |
_a615 _bMES-J |
||
| 100 | _aMescher Anthony L. | ||
| 245 |
_aJunqueira's Basic Histology _c Anthony L. Mescher |
||
| 250 | _a2th ed. | ||
| 260 |
_aSingapore : _bMcGraw Hill : _c2010. |
||
| 300 |
_av, 467p. : _bill ; _c27cm. |
||
| 500 | _aInclude Index . | ||
| 650 | _aMedical / Histology | ||
| 700 | _aAnthony L. Mescher | ||
| 999 |
_c35509 _d35509 |
||